Les rapports originaux de Larrey à l'armée d'Orient /

محفوظ في:

المؤلف الرئيسي: Larrey, Dominique Jean, baron, 1766-1842 (مؤلف)

مؤلفون آخرون: Pallary, Paul, 1896-

التنسيق: كتاب

اللغة: French

منشور في: Le Caire : Imprimerie de l'Institut français d'archéologie orientale, 1936.

سلاسل: Memoires de l'Institut d'Egypte ; 30.
MIE ; 30.

الموضوعات:

الوسوم: إضافة وسم

لا توجد وسوم, كن أول من يضع وسما على هذه التسجيلة!

رقم الطلب: DT43 .I625 v.30

LEADER 00977namaa2200289 4500
001 18864
003 OSt
005 20260317075610.0
008 130303s1936 ua 000 0 fre d
010 |a 38030841 
040 |c ARCE Library 
043 |a e-fr---  |a f-ua--- 
050 4 |a DT43 .I625 v.30 
100 1 |a Larrey, Dominique Jean,   |c baron,  |d 1766-1842,  |e author  |9 34473 
245 1 4 |a Les rapports originaux de Larrey à l'armée d'Orient /  |c par Paul Pallary. 
264 1 |a Le Caire :   |b Imprimerie de l'Institut français d'archéologie orientale,   |c 1936. 
300 |a viii, 84, [1] pages ;   |c 28 cm. 
490 1 |a Memoires de l'Institut d'Egypte ;   |v 30. 
490 1 |a MIE ;   |v 30. 
651 0 |a Egypt  |x History  |y French occupation, 1798-1801. 
651 0 |a France   |x Army   |x Sanitary affairs. 
700 1 |a Pallary, Paul,   |d 1896-  |9 37251 
830 0 |a Memoires de l'Institut d'Egypte ;   |v 30. 
830 0 |a MIE ;   |v 30. 
901 |a reviewed 
942 |c BK  |2 lcc 
999 |c 15932  |d 15932